| 000 | 01302nam a2200325 i 4500 | ||
|---|---|---|---|
| 003 | EG-GICUC | ||
| 005 | 20260129034030.0 | ||
| 008 | 260121s1991 ua ||||fr|||| 00| 0 ara d | ||
| 017 | _a1991/2042 | ||
| 040 |
_a EG-GICUC _bara _c EG-GICUC _d EG-GICUC _erda |
||
| 041 | _aara | ||
| 082 | 0 | 4 |
_221 _a343.39 _bأ ب . إ |
| 092 | 0 | 4 | _221 |
| 099 | _aLaw1 10 343.39 أ ب . إ2 ed - 1991 | ||
| 100 | 0 |
_aأبو العلا على أبو العلا النمر _eمؤلف. |
|
| 245 | 1 | 2 |
_aالإثبات الجنائي دراسة تحليلية لتحديد موطن القوة والضعف فى الدليل الجنائي / _cتأليف الدكتور أبو العلا على أبو العلا النمر. |
| 250 | _aالطبعة الثانية. | ||
| 264 | 1 |
_aالقاهرة : _bدار النهضة العربية، _c1991. |
|
| 300 |
_a199 صفحة ; _c24 سم. |
||
| 336 |
_2rda content _atext |
||
| 337 |
_2rda media _aComputer |
||
| 338 |
_2rda carrier _aOnline Resource |
||
| 504 | _aيشتمل على إرجاعات ببليوجرافية. | ||
| 650 | 1 | _aالقانون الجنائي | |
| 650 | 1 | _aالإثبات الجنائي | |
| 653 | _aالدليل الجنائي | ||
| 856 | 4 | 0 | _uhttps://fll.law.cu.edu.eg/fulltext/bks/B10-05972.pdf |
| 905 |
_a43 _eYara |
||
| 942 |
_2ddc _n0 _cBK _e21 |
||
| 999 |
_c58544 _d58544 |
||